Halottak napja

Bibliographic Details
Main Author: Bertók, László, 1935- (Author)
Format: Article
Language:Hungarian
ISSN:1335-6631
Subjects:

MARC

LEADER 00000nab a2200000 ar4500
001 vtls008941908
003 SK-MaSNL
005 20260304020416.0
008 061120c2006 xo |||||||| 000 b|hun
015 |a SNBRB2006/11  |2 snkbucl 
038 |a SNKBUCL 
040 |a DSZK  |b slo  |c DSZK  |e AACR2 
041 0 |a hun 
044 |a xo  |c SK 
080 |a 821.511.141-1=511.141  |2 1997 
100 1 |a Bertók, László,  |d 1935-  |4 aut  |9 1297993 
245 1 0 |a Halottak napja  |c Bertók László 
655 7 |a maďarská poézia  |2 snkbucl  |9 70602 
773 0 |t Szabad újság  |g Évf. XIV, sz. 44 (2006), o. 1  |x 1335-6631 
852 |a SNK  |b KIS3GCP 
852 |a DSZK  |b KIS3GCP 
958 |a HU 
958 |a LX 
999 |c 2598621  |d 2600551